000 01441cam a22003977a 4500
003 CHAP
005 20220329142734.0
008 010920d2001 mx r 00110 spa d
010 _a87075
011 _a88047
035 _a98592
040 _cCHAP
090 _aTesis
100 0 _aNúñez Gutiérrez, Hirám Ricardo.
_981941
245 1 0 _aRevolución y contrarrevolución en Colima, 1917-1926
_c/por Hiram Ricardo Núñez Gutiérrez
260 _aMéxico, D.F. :
_bEl autor,
_c2003.
300 _a331 p.
502 _aTesis (Doctor en Ciencia Política) -- Universidad Nacional Autónoma de México. Facultad de Ciencias Políticas y Sociales
590 _aALEPH
_b10
_c20130110
_lUCH01
_h1453
590 _aBATCH-UPD
_b10
_c20130110
_lUCH01
_h0038
590 _aBATCH-UPD
_b10
_c20130110
_lUCH01
_h0442
590 _aBATCH-UPD
_b10
_c20130110
_lUCH01
_h2159
590 _aBATCH-UPD
_b10
_c20130410
_lUCH01
_h0549
590 _aBATCH-UPD
_b10
_c20130914
_lUCH01
_h1008
590 _aCONVERSION
_b10
_c20130109
_lUCH01
_h1348
650 1 4 _aColima
_xCondiciones sociales.
_925161
650 1 4 _aColima
_xHistoria.
_925167
650 1 4 _aColima
_xPolítica y gobierno.
_925171
650 1 4 _aReligión y Estado.
_995838
650 1 4 _aRevoluciones.
_996715
650 1 4 _aTierras
_xTenencia
_xColima
_zColima.
_9175436
901 _aBK
905 _aAlejandra Carrasco M.
942 _cLIBRO
949 _aTesis
_bBC
_cTES
_d985921
_eLIBRO
_h40787
_i98592
_sb
999 _c87075
_d87075